| 000 | 00671cam a2200253 i 4500 | ||
|---|---|---|---|
| 005 | 20260322212045.0 | ||
| 008 | data | ||
| 010 | _a 76003669 | ||
| 020 | _a0517523469 | ||
| 020 | _a9780517523469 | ||
| 040 |
_aDLC _cDLC _dDLC |
||
| 043 | _an-usn-- | ||
| 050 | 0 | 0 |
_aF4 _b.W3 1976 |
| 082 | 0 | 0 | _a974 |
| 092 | _a974 W3 1976 | ||
| 245 | 0 | 2 |
_aA pictorial history of New England / _cedited by Edward Wagenknecht. |
| 260 |
_aNew York : _bCrown Publishers, _cc1976. |
||
| 300 |
_ax, 342 p. : _bill. ; _c29 cm. |
||
| 500 | _aIncludes index. | ||
| 504 | _aBibliography: p. 330-333. | ||
| 651 | 0 |
_aNew England _xHistory. |
|
| 700 | 1 |
_aWagenknecht, Edward, _d1900- |
|
| 001 | data | ||
| 999 |
_c1063 _d1063 |
||